Vzdělání a trh sborník textů

Na minha lista:
Detalhes bibliográficos
Outros Autores: Urbanová, Tereza
Formato: Livro
Idioma:tcheco
Publicado em: Praha Liberální institut 2003
Assuntos:
Tags: Adicionar Tag
Sem tags, seja o primeiro a adicionar uma tag!

MARC

LEADER 00000nam$a2200000$$$4500
001 0048876
005 20240104133107.5
020 |a 80-86389-31-6 
041 0 |a cze 
044 |a CZ 
245 1 0 |a Vzdělání a trh  |b sborník textů  |c Tereza Urbanová (editor) 
264 1 |a Praha  |b Liberální institut  |c 2003 
300 |a 39 s. 
610 2 0 |a vzdelanie 
610 2 0 |a vzdelávanie 
610 2 0 |a trh 
610 2 0 |a školstvo 
610 2 0 |a náklady na vzdelanie 
610 2 0 |a školy súkromné 
700 1 |a Urbanová, Tereza